00723 2200253 4500001002100000005001500021035002000036007000300056008004100059020002200100082001000122084001600132100002600148245012200174250001100296260004300307300003200350650002200382990001300404990001300417990001300430990001300443990001300456INLIS00000000000050220221214102713 a0010-1222000233ta221214 g 0 ind  a978-602-8974-03-5 a530.1 a530.1 YOH e0 aYohanes Surya, Ph. D.1 aElektromagnetik 2 :bBahan ajar persiapan menuju Olimpiade Sains Nasional/ Internasional SMA /cYohanes Surya, Ph. D. acet. 1 aJakarta :bPT. Trisula Adisakti,c2010 a222 hlm. :bIlus ;c25.5 cm 4aElektromagnetik 2 a05920592 a05920592 a05920592 a05920592 a05920592